000 00486nam a2200181Ia 4500
005 20250326142049.0
008 250326s9999 xx 000 0 und d
037 _aTextbook
040 _aFMSL
_beng
_cFMSL
041 _aeng
_2eng
084 _qFMSL
100 _aKidder L H
_9745505
245 0 _aResearch methods in social relations
_cKidder L H; Judd C M
260 _aJaipan
_bJaipan, C B S Publication
_c1986
300 _a573p
942 _cTB
999 _c1293266
_d1293266